All JYPE groups - Statistics

General Stats
  • This quiz has been taken 57 times
  • The average score is 13 of 21
Answer Stats
Former groups % Correct
Stray Kids since 2018
100%
Twice since 2015
100%
Wonder Girls 2007 - 2017
90%
2PM since 2008
87%
ITZY since 2019
85%
NMIXX since 2022
85%
Day6 since 2015
79%
Got7 2014 - 2021
77%
KickFlip since 2025
77%
Xdinary Heroes since 2021
72%
2AM 2008 - 2014
67%
NEXZ since 2024
64%
Girlset(once known as VCHA) since 2023
62%
Miss A 2010 - 2017
62%
NiziU since 2020
59%
Boy Story since 2018
49%
g.o.d 2003 - 2005
28%
15& 2012 - 2019
26%
Golden Girls since 2023
23%
CIIU since 2025
21%
Noel 2004 -2006
15%
No matching quizzes found
Score Distribution
Percent of People with Each Score
Percentile by Number Answered
Your Score History
You have not taken this quiz